The Impact of the Culture of a Multinational Company on the Region of Its Operation
Saved in:
| Main Author: | |
|---|---|
| Other Authors: | , |
| Format: | Book Chapter |
| Language: | English |
| Tags: |
No Tags, Be the first to tag this record!
|
MARC
| LEADER | 00000naa a2200000 4500 | ||
|---|---|---|---|
| 001 | 0308540 | ||
| 005 | 20260129073046.0 | ||
| 041 | 0 | |a eng | |
| 044 | |a SK | ||
| 245 | 1 | 0 | |a The Impact of the Culture of a Multinational Company on the Region of Its Operation |c Branislav Ondrík, Gabriel Bardiovský, Mária Antošová |
| 100 | 1 | |a Ondrík, Branislav | |
| 700 | 1 | |a Bardiovský, Gabriel | |
| 700 | 1 | |a Antošová, Mária, 1965- | |